000 00902nam a2200181Ia 4500
008 151202s9999||||xx |||||||||||||| ||und||
082 _bPNVM-49098
100 _aप्रभाकर विष्णु/अनु-नानिवडेकर हेमांगी
245 _aसुुलभ पंचतंत्र भाग 1.
260 _bमाहिती आणि प्रसारण मंत्रालय भारत सरकार.दिल्ली.
260 _c2006
300 _a94
600 _aप्रभाकर विष्णु/अनु-नानिवडेकर हेमांगी
630 _aसुुलभ पंचतंत्र भाग 1.
700 _aप्रभाकर विष्णु/अनु-नानिवडेकर हेमांगी
730 _aसुुलभ पंचतंत्र भाग 1.
942 _cBOOK
999 _c1314995
_d1314992